European General Knowledge #4 - Statistics

General Stats
  • This quiz has been taken 194 times
    191 since last reset
  • The average score is 11 of 20
Answer Stats
Question Answer % Correct
What island is known as Spanish party island Ibiza
91%
Who was the first leader of Soviet Union? Vladimir Ilyich Ulyanov Lenin
90%
What country was first attacked in WWII? Poland
89%
Barcelona is capital of what? Catalonia
87%
What German composer was ''deaf''? Ludwig van Beethoven
87%
What breed of Croatian dog is known beacause Cruella wants its skin? Dalmatian
81%
Madame Tussauds sculptures are made of what? Wax
79%
What empire took Constantinople in 1453? Ottoman Empire
73%
What Austrian city hosted the Winter Olympics twice? Innsbruck
59%
What is the name of the ship that transported firs English Pilgrims to the New World? Mayflower
55%
Who reached first to the South Pole? Roald Amundsen
46%
What Balkan country was neutral during the Cold War? Yugoslavia
45%
What is the name of Jewish part of city during the WWII in the capital of ^ ? Warsaw Ghetto
42%
Who is an author of the heliocentric hypotesys? Nicolaus Copernicus
38%
What was the name of their home town? Plymouth
36%
What Finnis rock band won Eurovision Song Contest in 2006? Lordi
28%
Who is an author of Anna Karenina? Leo Tolstoy
21%
What river flows through Prague? Vltava
19%
What is last station of Danube river? Black Sea
18%
What bend performs song ''Trooper''? Iron Maiden
14%
No matching quizzes found
Score Distribution
Percent of People with Each Score
Percentile by Number Answered
Your Score History
You have not taken this quiz since the last reset